000 00797nam a2200217 a 4500
999 _c10088
_d10088
001 10088
003 BD-JhCC
005 20180528142911.0
008 180213s19742007bg |||| ||a| 001 0 ben d
035 _a(BD-JhCC)10088
040 _aBD-JhCC
_dBD-JhCC
041 _aben
082 _a891.4409
_bGUP 1974
245 _aগুপ্তিচন্দ্রের সন্ন্যাস /
_cআবুল কালাম মোহাম্মদ যাকারিয়া (সম্পাদিত)
260 _aঢাকা :
_bবাংলা একাডেমী ;
_c1974.
300 _a456 p. :
_c25 cm.
650 _aCollection of works
700 _aযাকারিয়া, আবুল কালাম মোহাম্মদ.
942 _2lcc
_cBK